Ludwig

-д хадгалсан:
Номзүйн дэлгэрэнгүй
Үндсэн зохиолч: Feres Nazarala, Eduardo (Зохиогч)
Формат: Ном
Хэл сонгох:испани
Хэвлэсэн: Santiago E.M.E 1991
Нөхцлүүд:
Шошгууд: Шошго нэмэх
Шошго байхгүй, Энэхүү баримтыг шошголох эхний хүн болох!

MARC

LEADER 00000nam a2200000 a 4500
001 UCO4065
003 CL-VaPUC
008 000728e19910000cl |||||||||||||||||spa|d
082 0 4 |a 759.983  |b FER  |2 21 
100 0 |a Feres Nazarala, Eduardo  |e author  |9 448184 
245 1 0 |a Ludwig 
300 |a pág. irreg 
942 |c BK 
945 |d 20000728 00:00:00  |a crobeson 
260 |a Santiago  |b E.M.E  |c 1991 
600 0 7 |a LUDWIG, ALBERTO  |2 CL-VaPUC  |9 448185 
650 0 |a Pintura chilena  |9 266171 
650 0 |a Pintores chilenos  |9 345328 
651 7 |a CHILE  |2 CL-VaPUC  |9 448186 
583 |a last modification  |c 20171010 12:14:11  |k Rodrigo Vera 
999 |c 290150  |d 290148 
952 |0 0  |1 0  |4 0  |6 759_983000000000000_FER_1991  |7 0  |8 A  |9 339413  |a BIBHIS  |b BIBHIS  |d 2019-11-20  |i 120372K  |o 759.983 FER 1991  |p 120372K  |r 2025-01-20  |w 2019-11-20  |y BK  |k HIS